| 000 | 00596nam a2200181Ia 4500 | ||
|---|---|---|---|
| 005 | 20250326124622.0 | ||
| 008 | 250326s9999 xx 000 0 und d | ||
| 037 | _aTextbook | ||
| 040 |
_aFMSL _beng _cFMSL |
||
| 041 |
_aeng _2eng |
||
| 084 |
_aX:8ogB28 M3;9 _qFMSL |
||
| 100 | _aSrivastava U K | ||
| 245 | 0 |
_aQuantitative techniques for mangerial decision making: concepts, illustratiins and problems _cSrivastava U K; Shenoy G V |
|
| 260 |
_aNew Delhi _bNew Delhi, Wiley Eastern Limited _c1983 |
||
| 300 | _a922p | ||
| 942 |
_cTB _hX:8ogB28 M3;9 |
||
| 999 |
_c1274419 _d1274419 |
||